000 00373nam a2200157Ia 4500
008 210210b1959 xxu||||| |||| 00| 0 eng d
041 _aeng
082 _a823/331
100 _aSHAKESPEARE (William)
245 _aTwelfth night
260 _aLondon
_bWilliam Heinemann Ltd.
_c1959
650 _aTwelfth
650 _anight
690 _aEnglish Drama
906 _a013875
999 _c132944
_d132944